| 000 | 01190nam a22003137a 4500 | ||
|---|---|---|---|
| 003 | DO-SdBNP | ||
| 005 | 20211123071014.0 | ||
| 007 | ta | ||
| 008 | 210520e2020 dr ||||er|||| 001 ddspa d | ||
| 020 | _a9789945926293 | ||
| 040 |
_aDO-SdBNP _bspa _cBPMSU |
||
| 082 | 4 |
_a306.766 _bD292s 2020 _222 |
|
| 100 | 1 | _aDecena, Carlos Ulises | |
| 245 | 1 | 0 |
_aSujetos tácitos : _bpertenencia y deseo homosexual entre hombres dominicanos en el exilio / _cCarlos Ulises Decena ; edición Fari Rosario ; traductor Tomás Rosado Calderón. |
| 260 |
_aSanto Domingo : _bINTEC, _c2020. |
||
| 300 |
_a340 p. ; _c24 cm. |
||
| 500 | _aIncluye datos biográficos del autor en la solapa de la cubierta | ||
| 534 |
_3Título original : _tTacit subjects : belonging and same - sex desire among dominican immigrant men |
||
| 590 | _aInventariado, 2021/VM | ||
| 650 | 4 | _aHomosexualidad | |
| 650 | 4 |
_aDominicanos en Estados Unidos _xCondiciones sociales |
|
| 650 | 1 | 4 | _aMovimientos sociales |
| 650 | 4 | _aIdentidad sexual | |
| 700 | 1 |
_aRosario, Fari , _eed. |
|
| 700 | 1 |
_aRosado Calderón, Tomás, _etr. |
|
| 710 | 2 | _aInstituto Tecnológico de Santo Domingo | |
| 910 | _aVMateo V. | ||
| 942 |
_2ddc _cBK |
||
| 999 |
_c13890 _d13890 |
||